[Event "ITA-ch U16"]
[Site "San Nicola Arcella"]
[Date "2004.07.08"]
[Round "7"]
[White "Cuculiuc, Daniel"]
[Black "Sanna, Massimo"]
[Result "0-1"]
[WhiteElo "1498"]
[BlackElo "1832"]
[PlyCount "70"]
[EventDate "2004.07.04"]
[EventType "swiss"]
[EventRounds "7"]
[EventCountry "ITA"]
[SourceTitle "EXT 2024"]
[Source "ChessBase"]
[SourceDate "2023.10.10"]
[SourceVersion "1"]
[SourceVersionDate "2023.10.10"]
[SourceQuality "1"]

1. e4 g6 2. Nf3 Bg7 3. d4 c6 4. Nc3 d5 5. Be3 Bg4 6. Be2 e6 7. Qd2 Nd7 8. h3 Bxf3 9. Bxf3 dxe4 10. Nxe4 Ngf6 11. Qb4 Bf8 12. Qc3 Nd5 13. Qb3 Nxe3 14. Qxe3 Nf6 15. Nc3 Bg7 16. Ne2 Nd5 17. Qb3 Qe7 18. 0-0 0-0 19. Rfe1 Rad8 20. Rad1 Rd7 21. Rd2 Rfd8 22. Red1 Nb6 23. c3 Kh8 24. Qc2 f5 25. Re1 e5 26. Nc1 Qg5 27. Nd3 e4 28. Bxe4 fxe4 29. Rxe4 Re7 30. Rg4 Qf5 31. Rf4 Qd5 32. Nb4 Qd6 33. Nd3 Rde8 34. Rf3 Re1+ 35. Nxe1 Rxe1# 0-1